Marital counseling. (Record no. 14530)

000 -LEADER
fixed length control field 00563nam a2200181 a 4500
001 - CONTROL NUMBER
control field :::00012362$&:&@@
003 - CONTROL NUMBER IDENTIFIER
control field OkBaRHE
005 - DATE AND TIME OF LATEST TRANSACTION
control field 20000607103418.0
008 - FIXED-LENGTH DATA ELEMENTS--GENERAL INFORMATION
fixed length control field s1963 j 000 0 eng u
040 ## - CATALOGING SOURCE
Transcribing agency
100 1# - MAIN ENTRY--PERSONAL NAME
Personal name Hudson, Robert Lofton.
245 10 - TITLE STATEMENT
Title Marital counseling.
260 ## - PUBLICATION, DISTRIBUTION, ETC. (IMPRINT)
Place of publication, distribution, etc Philadelphia, PA., :
Name of publisher, distributor, etc Fortress Press
Date of publication, distribution, etc c1963
300 ## - PHYSICAL DESCRIPTION
Extent 138 p. ;
Dimensions 21 cm.
650 ## - SUBJECT ADDED ENTRY--TOPICAL TERM
Topical term or geographic name as entry element Pastoral Counseling
942 ## - ADDED ENTRY ELEMENTS (KOHA)
Source of classification or shelving scheme
Koha item type Books
Copies
Withdrawn status Not for loan Koha item type Source of classification or shelving scheme Current Location Lost status Damaged status Date last seen Full call number Shelving location Price effective from Date acquired Permanent Location Copy number Barcode
  Books RHEMA Bible Training College  2010-04-14HQ 10 H8General Stacks2010-04-142010-04-14RHEMA Bible Training College112362